| 000 | 00847nam a2200265Ia 4500 | ||
|---|---|---|---|
| 003 | OSt | ||
| 005 | 20221005133604.0 | ||
| 006 | a|||||r|||| 00| 0 | ||
| 007 | ta | ||
| 008 | 221004b |||||||| |||| 00| 0 hin d | ||
| 020 |
_a9789385213557 (pbk) _cIndian Rupees 99 |
||
| 024 | _a40554 | ||
| 037 |
_bGift, 24/10/2018, _cTextual |
||
| 040 |
_aCRL _cCRL _bhin |
||
| 041 |
_2hin _ahin |
||
| 082 | _aO152,1N46x, Q6 | ||
| 100 | _aवर्मा, अर्चना | ||
| 245 | 0 | _aबस एक ऑंगन है चौकोर | |
| 246 | _aBas ek ऑangan hai chaukora | ||
| 260 | _c2016 | ||
| 650 | _a हिन्दी साहित्य | ||
| 650 | _aहिन्दी कविता | ||
| 942 |
_hO152,1N46x, Q6 _cTEXL _2cc |
||
| 999 |
_c1067293 _d1067293 |
||